00000000nam 2200000zi 4500
0019.918255
003CaOODSP
00520241211105609
006m     o  d f      
007cr mn|||||||||
008221213e202212##onc     ob   f000 0 fre d
040 |aCaOODSP|bfre|erda|cCaOODSP
043 |an-cn---
0861 |aXC66-1/1-441-10F-PDF
1101 |aCanada. |bParlement. |bChambre des communes. |bComité permanent de la justice et des droits de la personne, |eauteur, |eorganisme de publication.
24513|aLa défense d'intoxication extrême s'apparentant à l'automatisme : |bune étude de la réponse législative à la décision R. c. Brown de la Cour suprême du Canada : rapport du Comité permanent de la justice et des droits de la personne / |cle président, Randeep Sarai.
2463 |aDéfense d'intoxication extrême s'apparentant à l'automatisme : |bune étude de la réponse législative à la décision R. c. Brown de la Cour suprême du Canada
264 1|a[Ottawa] : |bChambre des communes, Canada = House of Commons, Canada, |cdécembre 2022.
300 |a1 ressource en ligne (vii, 33 pages).
336 |atexte|btxt|2rdacontent/fre
337 |ainformatique|bc|2rdamedia/fre
338 |aressource en ligne|bcr|2rdacarrier/fre
4901 |aRapport du Comité permanent de la justice et des droits de la personne ; |v10e rapport, 44e législature, 1re session
500 |aPublié aussi en anglais sous le titre : The defence of extreme intoxication akin to automatism: a study of the legislative response to the Supreme Court of Canada decision R. v. Brown: report of the Standing Committee on Justice and Human Rights.
500 |aDate originale de publication : 2022/12/13. Republié : 2022/12/14.
500 |a« 44e législature, 1re session. »
500 |a« Dixième rapport » -- Page v.
504 |aComprend des références bibliographiques.
61016|aCanada. |tCode criminel.
650 6|aIvresse (Droit pénal)|zCanada.
650 6|aCrimes violents|xDroit|zCanada.
650 6|aDéfense (Procédure pénale)|zCanada.
7001 |aSarai, Randeep, |d1975-
77508|tThe defence of extreme intoxication akin to automatism : |w(CaOODSP)9.918254
830#0|aRapport du Comité permanent de la justice et des droits de la personne ;|v10e rapport, 44e législature, 1re session.|w(CaOODSP)9.503392
85640|qPDF|s2.23 Mo|uhttps://publications.gc.ca/collections/collection_2022/parl/xc66-1/XC66-1-1-441-10-fra.pdf
8564 |qHTML|sS.O.|uhttps://www.noscommunes.ca/DocumentViewer/fr/44-1/JUST/rapport-10